Európske biotechnológie si zaslúžia podporu

Rozdielny rozvoj biotechnológií v jednotlivých krajinách EÚ. Prostredie pre inováciu a podnikanie, tvorba nových pracovných miest a zvyšovanie konkurencieschopnosti. Biotechnologický výskum a prínos biotechnológie.

Gespeichert in:
Bibliographische Detailangaben
1. Verfasser: Hudec, Marián
Format: Buchkapitel
Sprache:Slowakisch
Schlagworte:
Tags: Tag hinzufügen
Keine Tags, Fügen Sie das erste Tag hinzu!

MARC

LEADER 00000naa a2200000 4500
001 0193151
005 20231011123533.1
041 0 |a slo 
044 |a SK 
245 1 0 |a Európske biotechnológie si zaslúžia podporu  |c Marián Hudec 
520 |a Rozdielny rozvoj biotechnológií v jednotlivých krajinách EÚ. Prostredie pre inováciu a podnikanie, tvorba nových pracovných miest a zvyšovanie konkurencieschopnosti. Biotechnologický výskum a prínos biotechnológie. 
610 2 0 |a vedy biologické 
610 2 0 |a biológia 
610 2 0 |a technológie nové 
610 2 0 |a biotechnológia 
610 2 0 |a biologizácia 
610 2 0 |a inžinierstvo génové 
610 2 0 |a výskum 
100 1 |a Hudec, Marián